Normal view
MARC view
- FARLEY, JIM
Entry Personal Name
001 - CONTROL NUMBER
- control field: 89089
003 - CONTROL NUMBER IDENTIFIER
- control field: NUST
005 - DATE AND TIME OF LATEST TRANSACTION
- control field: 20220217111146.0
008 - FIXED-LENGTH DATA ELEMENTS
- fixed length control field: 220217|| aca||aabn | a|a d
040 ## - CATALOGING SOURCE
- Original cataloging agency: NUST
- Transcribing agency: NUST
100 ## - HEADING--PERSONAL NAME
- Personal name: FARLEY, JIM
670 ## - SOURCE DATA FOUND
- Source citation: Work cat.: (NUST): FARLEY, JIM., JAVA DISTRIBUTED COMPUTING /, 1998.
